000 01531cam a22001814a 4500
005 20250605164023.0
008 250528s ||||||||||||||||||||||||d
035 _a16428
040 _aGR-AtMCL
_bgre
_dGR-AtMCL
_eAACR2
245 1 _aΑσκήσεις Σκίτσου / Ένα Βιβλίο για Παιδιά, Γονείς και Εκπαιδευτικούς
260 _bΑθήνα,
_c1990
300 _a136
520 _aΣε όποιο σχολείο κι αν εφαρμόστηκε ολοκληρωμένο το μοντέλο διδασκαλίας που προτείνουμε, έγινε αμέσως αντιληπτό ότι αναπτύσσει κατακόρυφα τόσο τις φανερές όσο και τις κρυμμένες πνευματικές, αισθητικές, δεξιοτεχνικές και κοινωνικές ικανότητες κάθε παιδιού. Πρόλογος, Μοντέλο Διδακτικής Πρακτικής, Σχολική Εικαστική Αισθητική Αγωγή και Δημιουργία, Ασκήσεις Σκίτσου, Οδηγίες προς τα Παιδιά, Προκαταρκτικές Ασκήσεις, Πρώτο Μάθημα, Δεύτερο Μάθημα, Τρίτο Μάθημα, Τέταρτο Μάθημα, Χρωματιστά Σκίτσα, Σκίτσα, Βιβλιογραφία, Βιογραφικό Συγγραφέα.
700 1 _aΜουζάκης-Νεόλης Τάσος
_92517
942 _cBK
999 _c1928
_d1928